00772nam a2200241Ia 4500003000900000008004100009020002200050040001600072080001700088100003000105245011300135250001200248260004000260300002300300650001500323650001500338650001600353650002600369650002000395942000700415999001500422952009300437IN-BaIIA211028s9999 xx 000 0 eng d a978-81-775-8688-6 cIIA Library a519.682bPRA aPratt, Terrance W.914899 0aProgramming languages: design and implementationcTerrance W. Pratt  a4th ed. aNew DelhibDorling Kindersleyc2009 a[various pagings.] aADA914900 aAPL914901 aLISP914625 aProgramming Languages aSNOBAL 4914902 cBK c8860d8860 00104070aBANbBANcGENd1986-10-17l0o519.682/ PRAp9741r2021-11-05w1986-10-17yBK